Normal view
MARC view
- القانون البحري-الاردن
Entry Topical Term
001 - CONTROL NUMBER
- control field: 62530
003 - CONTROL NUMBER IDENTIFIER
- control field: JO-AjAnu
005 - DATE AND TIME OF LATEST TRANSACTION
- control field: 20230606084219.0
008 - FIXED-LENGTH DATA ELEMENTS
- fixed length control field: 230606|| aca||aabn | a|a d
040 ## - CATALOGING SOURCE
- Original cataloging agency: JO-AjAnu
- Transcribing agency: JO-AjAnu
150 ## - HEADING--TOPICAL TERM
- Topical term or geographic name entry element: القانون البحري-الاردن
670 ## - SOURCE DATA FOUND
- Source citation: Work cat.: (JO-AjAnu)31887: اعداد الغزو، علي مصطفى سليم؛ اشراف محمد بني مقداد, author 62529, المسؤولية للناقل البحري في عقود CIF في التشريع الاردني=Civil Liability of the marine carrier in CIF contracts in Accordance with Jordanian Legislation